000 00604nam a2200253Ia 4500
003 OSt
005 20220912145432.0
006 a|||||r|||| 00| 0
007 ta
008 220909b |||||||| |||| 00| 0 eng d
024 _a66663
037 _cTextual
040 _aCSL
_beng
_cCSL
041 _aeng
082 _aF57:3, G2 CL
100 _aTrotman S.R.
245 0 _aTextile analysis
260 _c1932
300 _ap.
_ccm.
650 _aTextile
700 _a Trotman E.R.
942 _hF57:3, G2 CL
_cTEXL
_2CC
999 _c31833
_d31833